[Event "Cto Aragón Equipos Pref Gr II"]
[Site "Aragon"]
[Date "2015.03.14"]
[Round "8.56"]
[White "Calvo Gutierrez, Rafael"]
[Black "Javierre Conesa, Alfonso"]
[Result "0-1"]
[WhiteElo "1691"]
[BlackElo "1955"]
[PlyCount "88"]
[EventDate "2015.01.24"]
[WhiteTeam "Caissa B"]
[BlackTeam "Las Fuentes"]

1. d4 d5 2. c4 c6 3. Nc3 Nf6 4. Nf3 e6 5. Bg5 Nbd7 6. e3 Qa5 7. Nd2 dxc4 8.
Bxf6 Nxf6 9. Nxc4 Qd8 10. Bd3 Be7 11. O-O O-O 12. Bc2 c5 13. dxc5 Bxc5 14. Qf3
a6 15. Ne4 Be7 16. Ncd2 Nxe4 17. Nxe4 f5 18. Ng3 Bf6 19. Rab1 Rb8 20. Bb3 Kh8
21. Rfd1 Qe7 22. e4 fxe4 23. Qxe4 e5 24. Bc2 g6 25. Qe2 Be6 26. Ne4 Bxa2 27.
Ra1 Be6 28. Nxf6 Qxf6 29. Ra5 Rbc8 30. Be4 Bg4 31. Bf3 Bxf3 32. gxf3 Qxf3 33.
Qxe5+ Rf6 34. Rf1 Rc4 35. Qe8+ Kg7 36. Rg5 Rg4+ 37. Rxg4 Qxg4+ 38. Kh1 Qf3+ 39.
Kg1 Rf4 40. Qe7+ Kh6 41. Qe3 Qxe3 42. fxe3 Rxf1+ 43. Kxf1 Kg5 44. Ke2 Kf5 0-1

[Event "Cto Aragón Equipos Pref Gr II"]
[Site "Aragon"]
[Date "2015.03.14"]
[Round "8.57"]
[White "Carruez Berges, Fernando"]
[Black "Hinojar Basa, Alfonso"]
[Result "1-0"]
[WhiteElo "2095"]
[BlackElo "2204"]
[PlyCount "121"]
[EventDate "2015.01.24"]
[WhiteTeam "Agrupacion B"]
[BlackTeam "Marcos Frechin"]

1. Nf3 Nf6 2. g3 d5 3. Bg2 e6 4. O-O Be7 5. d4 O-O 6. c4 dxc4 7. Qa4 a6 8. Qxc4
b5 9. Qc2 Bb7 10. Bf4 Nd5 11. Bd2 Nc6 12. a3 a5 13. Rd1 Ra6 14. Nc3 b4 15. Na4
Qa8 16. Nc5 Bxc5 17. Qxc5 b3 18. Qc4 a4 19. Qd3 Rd8 20. e4 Nde7 21. Bc3 Nxd4
22. Nxd4 c5 23. Qe3 cxd4 24. Rxd4 Rad6 25. Rad1 Rxd4 26. Rxd4 Nc6 27. Rxd8+
Qxd8 28. h4 e5 29. Qc5 g5 30. Bxe5 gxh4 31. Bc3 hxg3 32. fxg3 h6 33. Qb5 Qd7
34. Qh5 Qd6 35. Qg4+ Kf8 36. Kh2 Ke8 37. e5 Qg6 38. Qxa4 Qh5+ 39. Kg1 Qd1+ 40.
Bf1 Qf3 41. Qf4 Ne7 42. Qxf3 Bxf3 43. Kf2 Bd5 44. Ke3 Kd7 45. Bd3 Ke6 46. g4
Nc6 47. Bf5+ Ke7 48. a4 Bc4 49. a5 Kd8 50. Bd3 Be6 51. Be2 Kc7 52. Bf3 Bc4 53.
Be2 Be6 54. a6 Bd5 55. Bf3 Bc4 56. Be2 Bd5 57. Bd4 Kb8 58. Bc5 Ka8 59. Kf4 Be6
60. Bf3 Bd7 61. Bd5 1-0

[Event "Cto Aragón Equipos Pref Gr II"]
[Site "Aragon"]
[Date "2015.03.14"]
[Round "8.58"]
[White "Portero Garnica, Miguel Angel"]
[Black "Martinez Asensio, Juan Miguel"]
[Result "0-1"]
[WhiteElo "2130"]
[BlackElo "2069"]
[PlyCount "90"]
[EventDate "2015.01.24"]
[WhiteTeam "Marcos Frechin"]
[BlackTeam "Agrupacion B"]

1. e4 c5 2. Nf3 g6 3. d4 cxd4 4. Nxd4 Nc6 5. Bc4 Qa5+ 6. c3 Bg7 7. O-O Nf6 8.
Nd2 O-O 9. Re1 d6 10. h3 Bd7 11. N2f3 Rac8 12. Qd3 Qc7 13. Nb5 Qb8 14. a4 a6
15. Nbd4 Qc7 16. Ba2 Nxd4 17. Nxd4 a5 18. Be3 b6 19. f3 Rfd8 20. Nb5 Qb7 21.
Bd4 Bc6 22. Bb3 e5 23. Bf2 d5 24. exd5 Nxd5 25. Rad1 Qe7 26. Bxd5 Rxd5 27. Qe3
Rb8 28. c4 Rd7 29. Rd3 e4 30. Rxd7 Qxd7 31. fxe4 Bxb2 32. Bg3 Bxb5 33. Qf4 Re8
34. cxb5 Qd4+ 35. Kh1 Qxa4 36. Qd2 Qb3 37. Bf2 a4 38. Bxb6 Qxb5 39. Qf2 a3 40.
Bd4 Rb8 41. Qf6 Bxd4 42. Qxd4 a2 43. Qa1 Qb1 44. Kh2 Qxe1 45. Qxe1 Rb1 0-1

[Event "Cto Aragón Equipos Pref Gr II"]
[Site "Aragon"]
[Date "2015.03.14"]
[Round "8.59"]
[White "Lopez Guaita, Fernando"]
[Black "Sancho Cortes, Miguel Angel"]
[Result "1/2-1/2"]
[WhiteElo "1967"]
[BlackElo "2047"]
[PlyCount "73"]
[EventDate "2015.01.24"]
[WhiteTeam "Agrupacion B"]
[BlackTeam "Marcos Frechin"]

1. Nf3 f5 2. g3 Nf6 3. Bg2 g6 4. c4 Bg7 5. Nc3 d6 6. d4 c6 7. O-O O-O 8. Qc2
Na6 9. a3 Nc7 10. Rd1 Qe8 11. d5 Bd7 12. dxc6 Bxc6 13. b4 Ne4 14. Bb2 Nxc3 15.
Bxc3 Ba4 16. Qb2 Bxc3 17. Qxc3 Bxd1 18. Rxd1 Rc8 19. c5 d5 20. h4 e6 21. Ne5 h6
22. f3 Kh7 23. e4 f4 24. g4 Qe7 25. Qd3 Qxh4 26. exd5 Qg5 27. Nd7 Nxd5 28.
Nxf8+ Rxf8 29. Qe4 Qf6 30. Bf1 Rf7 31. Qd4 Kg7 32. Bc4 Ne3 33. Qxf6+ Kxf6 34.
Rd4 g5 35. Bb3 Re7 36. Rd6 Ke5 37. Rd8 1/2-1/2

[Event "Cto Aragón Equipos Pref Gr II"]
[Site "Aragon"]
[Date "2015.03.14"]
[Round "8.60"]
[White "Fabre Perez, Jose Maria"]
[Black "Serrat Claver, David"]
[Result "0-1"]
[WhiteElo "2038"]
[BlackElo "1844"]
[PlyCount "104"]
[EventDate "2015.01.24"]
[WhiteTeam "Marcos Frechin"]
[BlackTeam "Agrupacion B"]

1. e4 e5 2. Nf3 Nc6 3. Bb5 d6 4. O-O Nge7 5. c3 Ng6 6. d4 Bd7 7. Qe2 Be7 8. Rd1
O-O 9. Be3 f5 10. Bxc6 bxc6 11. Qc4+ Kh8 12. dxe5 dxe5 13. Na3 f4 14. Bc5 Qe8
15. Rd3 Rf6 16. Rad1 Be6 17. Qb4 a5 18. Qb7 Bxc5 19. Ng5 Bd6 20. c4 c5 21. Nb5
Qc8 22. Qc6 Bd7 23. Nxd6 cxd6 24. Qd5 Qe8 25. Rb3 h6 26. Rb7 Bc6 27. Nf7+ Kh7
28. Nxd6 Bxd5 29. Nxe8 Bxb7 30. Nxf6+ gxf6 31. Rd7+ Kg8 32. Rxb7 Rd8 33. Kf1
Rd4 34. b3 f3 35. gxf3 Rd2 36. a3 Nf4 37. Ke1 Re2+ 38. Kd1 Rxf2 39. b4 axb4 40.
axb4 cxb4 41. c5 Ne6 42. c6 Rxf3 43. c7 Nxc7 44. Rxc7 Rf4 45. Rc4 f5 46. Rxb4
Rxe4 47. Rb7 Rh4 48. Rb5 Re4 49. Rb7 f4 50. Kd2 f3 51. Rb1 Re2+ 52. Kd3 e4+ 0-1

[Event "Cto Aragón Equipos Pref Gr II"]
[Site "Aragon"]
[Date "2015.03.14"]
[Round "8.61"]
[White "Garcia Gracia, Victor Hugo"]
[Black "Chueca Lorente, Javier"]
[Result "0-1"]
[WhiteElo "2003"]
[BlackElo "2039"]
[PlyCount "104"]
[EventDate "2015.01.24"]
[WhiteTeam "Santa Isabel"]
[BlackTeam "St. Casablanca D"]

1. e4 c5 2. Nf3 g6 3. d4 cxd4 4. Nxd4 Bg7 5. Nc3 Nc6 6. Be3 Nf6 7. Bc4 Qa5 8.
O-O O-O 9. Bb3 d6 10. f3 Bd7 11. Qd2 Rac8 12. Nxc6 bxc6 13. Rad1 Qc7 14. Bh6
Bxh6 15. Qxh6 Qb6+ 16. Kh1 c5 17. Qc1 Rc7 18. Ba4 Bxa4 19. Nxa4 Qb4 20. b3 c4
21. Rd4 e5 22. Rd2 cxb3 23. axb3 Rfc8 24. Qd1 Rd7 25. Nb2 Qc3 26. Nc4 Rxc4 27.
bxc4 Qxc4 28. Qe2 Qb4 29. Rfd1 Nh5 30. Qa6 Rc7 31. Qxd6 Qxd6 32. Rxd6 Rxc2 33.
R6d2 Rc3 34. Rd3 Rc2 35. g3 Nf6 36. Ra1 g5 37. g4 h5 38. Ra6 Kg7 39. Rdd6 Ne8
40. Rd8 Nf6 41. Rdd6 Ne8 42. Rd5 Nc7 43. Rxe5 Nxa6 44. Rxg5+ Kf6 45. Rxh5 Nc5
46. Rf5+ Kg7 47. Rg5+ Kf8 48. h4 Ne6 49. Ra5 Nd4 50. Ra3 Rf2 51. Kg1 Rxf3 52.
Rxa7 Rf4 0-1

[Event "Cto Aragón Equipos Pref Gr II"]
[Site "Aragon"]
[Date "2015.03.14"]
[Round "8.62"]
[White "Cebollada Pacheco, Jesus Raul"]
[Black "Perez Boy, Pedro"]
[Result "1-0"]
[WhiteElo "2029"]
[BlackElo "1816"]
[PlyCount "57"]
[EventDate "2015.01.24"]
[WhiteTeam "St. Casablanca D"]
[BlackTeam "Santa Isabel"]

1. e4 Nf6 2. e5 Nd5 3. c4 Nb6 4. d4 d6 5. exd6 exd6 6. Nc3 Nc6 7. Be3 Bf5 8.
Qf3 Qd7 9. O-O-O Bg4 10. Qe4+ Qe6 11. Qxe6+ fxe6 12. f3 Bh5 13. Bd3 a5 14. Nge2
a4 15. Nb5 Rc8 16. Rhe1 Be7 17. Nf4 Bf7 18. Nxe6 Bxe6 19. d5 Na5 20. Bxb6 cxb6
21. Rxe6 Kf7 22. Nxd6+ Bxd6 23. Rxd6 Rhe8 24. Rxb6 Nxc4 25. Rxb7+ Kf6 26. Bxc4
Rxc4+ 27. Kb1 Re2 28. d6 Rcc2 29. d7 1-0

[Event "Cto Aragón Equipos Pref Gr II"]
[Site "Aragon"]
[Date "2015.03.14"]
[Round "8.63"]
[White "Peris Laorden, Gerardo"]
[Black "Zambrana Petisme, Ramiro"]
[Result "0-1"]
[WhiteElo "1784"]
[BlackElo "1908"]
[PlyCount "80"]
[EventDate "2015.01.24"]
[WhiteTeam "Santa Isabel"]
[BlackTeam "St. Casablanca D"]

1. Nf3 Nf6 2. c4 g6 3. Nc3 Bg7 4. e4 d6 5. d4 O-O 6. Be2 e5 7. d5 Na6 8. O-O
Nc5 9. Qc2 a5 10. Bg5 h6 11. Be3 b6 12. Nd2 Ng4 13. Bxg4 Bxg4 14. a3 f5 15. f3
Bh5 16. b4 Nd7 17. Nb3 f4 18. Bf2 g5 19. h3 axb4 20. axb4 Qe7 21. Nb5 Nf6 22.
c5 Qd7 23. Na7 bxc5 24. bxc5 Bf7 25. cxd6 cxd6 26. Rfc1 h5 27. Qc6 Qe7 28. Qc7
Qxc7 29. Rxc7 g4 30. hxg4 hxg4 31. Bh4 gxf3 32. gxf3 Bh5 33. Kf2 Rfb8 34. Rg1
Ne8 35. Rgxg7+ Nxg7 36. Bf6 Ne8 37. Bxe5 Nxc7 38. Bxd6 Rxb3 39. Bxc7 Rxa7 40.
d6 Ra2+ 0-1

[Event "Cto Aragón Equipos Pref Gr II"]
[Site "Aragon"]
[Date "2015.03.14"]
[Round "8.64"]
[White "Calvo Simon, Jorge"]
[Black "Celma Pueyo, Ramon"]
[Result "1-0"]
[WhiteElo "1839"]
[BlackElo "1621"]
[PlyCount "89"]
[EventDate "2015.01.24"]
[WhiteTeam "St. Casablanca D"]
[BlackTeam "Santa Isabel"]

1. e4 e5 2. Nf3 Nc6 3. Bc4 Be7 4. d3 Nf6 5. c3 O-O 6. Nbd2 d6 7. h3 Bd7 8. Bb3
Na5 9. Bc2 c5 10. O-O a6 11. Re1 Nc6 12. Nf1 b5 13. d4 cxd4 14. cxd4 Nxd4 15.
Nxd4 exd4 16. Qxd4 Bc6 17. Ng3 Re8 18. Nf5 Bb7 19. Re3 Bc8 20. Nxe7+ Qxe7 21.
f4 Bb7 22. e5 Nd5 23. Re1 Qh4 24. Bd2 dxe5 25. Rxe5 Rxe5 26. Qxe5 Qf6 27. Re1
Bc6 28. Rc1 Qxe5 29. fxe5 Ne7 30. Bg5 Kf8 31. Bxh7 Rc8 32. Bxe7+ Kxe7 33. Bf5
Rc7 34. Be4 Kd7 35. e6+ fxe6 36. Bxc6+ Rxc6 37. Rxc6 Kxc6 38. Kf2 Kd5 39. Ke3
Ke5 40. b4 Kf6 41. Kf4 e5+ 42. Ke4 Ke6 43. a3 Kd6 44. h4 Ke6 45. g4 1-0

[Event "Cto Aragón Equipos Pref Gr II"]
[Site "Aragon"]
[Date "2015.03.14"]
[Round "8.65"]
[White "Vera Jimenez, Andres"]
[Black "Galve Guinea, Alejandro"]
[Result "1/2-1/2"]
[WhiteElo "1972"]
[BlackElo "2041"]
[PlyCount "68"]
[EventDate "2015.01.24"]
[WhiteTeam "Tauste B"]
[BlackTeam "El Olivar C"]

1. d4 d5 2. Nf3 Nf6 3. c4 c6 4. Nc3 dxc4 5. a4 Bf5 6. Ne5 e6 7. e3 Nbd7 8. Nxc4
Be7 9. Be2 O-O 10. O-O c5 11. d5 exd5 12. Nxd5 Be4 13. Nxe7+ Qxe7 14. f3 Bc6
15. e4 b6 16. Bf4 Rfd8 17. Bc7 Rdc8 18. Bd6 Qe6 19. Qc2 Rd8 20. Rad1 Nf8 21.
Bc7 Rxd1 22. Rxd1 Qe8 23. b3 Ne6 24. Be5 Rd8 25. Nd6 Qe7 26. Nf5 Rxd1+ 27. Qxd1
Qd7 28. Bxf6 gxf6 29. Qxd7 Bxd7 30. Kf2 Kf8 31. Ke3 Nd8 32. Kf4 Nc6 33. Bc4 Be6
34. Ne3 Bxc4 1/2-1/2

[Event "Cto Aragón Equipos Pref Gr II"]
[Site "Aragon"]
[Date "2015.03.14"]
[Round "8.66"]
[White "Sarto Ramos, Angel"]
[Black "Turon Perez, David"]
[Result "1/2-1/2"]
[WhiteElo "1967"]
[BlackElo "1932"]
[PlyCount "79"]
[EventDate "2015.01.24"]
[WhiteTeam "El Olivar C"]
[BlackTeam "Tauste B"]

1. d4 Nf6 2. Nf3 e6 3. Nbd2 d5 4. e3 Bd6 5. Bd3 O-O 6. O-O c5 7. c3 b6 8. e4
dxe4 9. Nxe4 Bb7 10. Nxd6 Qxd6 11. dxc5 Qxc5 12. Be3 Qc7 13. h3 h6 14. Qe2 Nbd7
15. Rad1 Rad8 16. Bb1 Rfe8 17. Rd2 Ne5 18. Nxe5 Qxe5 19. Rfd1 Qc7 20. Rxd8 Rxd8
21. Rxd8+ Qxd8 22. Qd3 Qc7 23. f3 g5 24. Bc2 Qd7 25. Qxd7 Nxd7 26. a4 f5 27. a5
Kf7 28. axb6 axb6 29. b4 b5 30. Bd4 Bc6 31. Kf2 e5 32. Bb3+ Kf6 33. Ba7 Ke7 34.
c4 Kd6 35. g4 f4 36. cxb5 Bxb5 37. Bf7 Kc7 38. Be8 Kd6 39. Bxd7 Kxd7 40. Bc5
1/2-1/2

[Event "Cto Aragón Equipos Pref Gr II"]
[Site "Aragon"]
[Date "2015.03.14"]
[Round "8.67"]
[White "Muro Turon, Raul"]
[Black "De La Riva Fernandez, Eduardo"]
[Result "1/2-1/2"]
[WhiteElo "1893"]
[BlackElo "1944"]
[PlyCount "93"]
[EventDate "2015.01.24"]
[WhiteTeam "Tauste B"]
[BlackTeam "El Olivar C"]

1. e4 e6 2. d4 d5 3. Nc3 Nf6 4. Bg5 Be7 5. e5 Nfd7 6. Bxe7 Qxe7 7. f4 a6 8. Nf3
c5 9. dxc5 Nc6 10. Qd2 Nxc5 11. O-O-O b5 12. Bd3 Bd7 13. Kb1 Nxd3 14. Qxd3 Nb4
15. Qe3 Rc8 16. Rhe1 Nxc2 17. Kxc2 b4 18. Kb1 bxc3 19. bxc3 Qa3 20. Qc1 Qxc3
21. Qxc3 Rxc3 22. Rc1 Rxc1+ 23. Rxc1 O-O 24. Rc7 Bb5 25. Nd4 Bc4 26. Nc6 h6 27.
a4 g5 28. g3 gxf4 29. gxf4 Kg7 30. Kc2 Kg6 31. Kd2 f6 32. Ke3 fxe5 33. Nxe5+
Kf5 34. Nxc4 dxc4 35. Rxc4 Rb8 36. Rc5+ Kf6 37. Ra5 Rb3+ 38. Kf2 Ra3 39. h4 h5
40. Kg2 Kg6 41. Rxa6 Kf5 42. Ra5+ Kxf4 43. Rxh5 Rxa4 44. Rh8 Kg4 45. Kf2 Rf4+
46. Ke3 Rf5 47. Ke4 1/2-1/2

[Event "Cto Aragón Equipos Pref Gr II"]
[Site "Aragon"]
[Date "2015.03.14"]
[Round "8.68"]
[White "Hernandez Delgado, Gabriel"]
[Black "San Lazaro Lorente, David"]
[Result "1-0"]
[WhiteElo "1925"]
[BlackElo "1751"]
[PlyCount "55"]
[EventDate "2015.01.24"]
[WhiteTeam "El Olivar C"]
[BlackTeam "Tauste B"]

1. Nf3 Nf6 2. g3 d5 3. Bg2 e6 4. O-O Bd6 5. d3 O-O 6. Nbd2 Nbd7 7. e4 c6 8. Re1
dxe4 9. dxe4 Bc5 10. Nb3 Bb6 11. h3 Qc7 12. e5 Nd5 13. c4 Ne7 14. Qc2 a6 15. h4
h5 16. Bd2 Nf5 17. c5 Ba7 18. Bh3 g6 19. Bxf5 exf5 20. Bf4 Qd8 21. Rad1 Qe7 22.
Bg5 Qe8 23. Qc1 Kh7 24. Qc4 Rh8 25. e6 fxe6 26. Rxe6 Nb6 27. Rxe8 Nxc4 28. Re7+
1-0

[Event "Cto Aragón Equipos Pref Gr II"]
[Site "Aragon"]
[Date "2015.03.14"]
[Round "8.69"]
[White "Planas Torrea, Francisco Javie"]
[Black "Valles Mata, David"]
[Result "0-1"]
[WhiteElo "2032"]
[BlackElo "2196"]
[PlyCount "86"]
[EventDate "2015.01.24"]
[WhiteTeam "Ejea"]
[BlackTeam "La Aurora Estadilla"]

1. e4 c5 2. Nf3 Nc6 3. Bb5 Na5 4. c3 a6 5. Ba4 b5 6. Bc2 Bb7 7. O-O e6 8. d4
cxd4 9. cxd4 Qc7 10. Nc3 Rc8 11. Bd3 Nf6 12. a3 Nc4 13. Bxc4 Qxc4 14. Ne5 Qc7
15. Bf4 d6 16. Nd3 Nxe4 17. Nxe4 Bxe4 18. Nc5 Qc6 19. Nxe4 Qxe4 20. Rc1 Rxc1
21. Qxc1 Kd7 22. Qd2 Be7 23. Rc1 Rc8 24. Rxc8 Kxc8 25. h3 Kd7 26. Be3 h6 27.
Qc3 g5 28. f3 Qc6 29. Qd3 f5 30. a4 Qc4 31. Qxc4 bxc4 32. Kf1 Kc6 33. Ke2 Kd5
34. Kd2 Bd8 35. Kc3 Ba5+ 36. b4 cxb3+ 37. Kxb3 Bb6 38. Kc3 e5 39. Kd3 Bxd4 40.
Bd2 e4+ 41. fxe4+ fxe4+ 42. Ke2 Kc4 43. h4 Bf6 0-1

[Event "Cto Aragón Equipos Pref Gr II"]
[Site "Aragon"]
[Date "2015.03.14"]
[Round "8.70"]
[White "Cabrera Moreno, Daniel"]
[Black "Larios Villa, Francisco Javier"]
[Result "1-0"]
[WhiteElo "2178"]
[BlackElo "1948"]
[PlyCount "71"]
[EventDate "2015.01.24"]
[WhiteTeam "La Aurora Estadilla"]
[BlackTeam "Ejea"]

1. d4 Nf6 2. Bg5 e6 3. e3 h6 4. Bh4 d6 5. Nd2 Be7 6. Bd3 Nbd7 7. c3 b6 8. Bxf6
Nxf6 9. Ngf3 Bb7 10. Qe2 O-O 11. O-O-O c5 12. g4 Nxg4 13. h3 Nf6 14. Rhg1 cxd4
15. exd4 Re8 16. Qe3 Kf8 17. Rxg7 Kxg7 18. Rg1+ Ng4 19. Rxg4+ Bg5 20. h4 f5 21.
Rg1 f4 22. Qe2 Kf7 23. hxg5 h5 24. g6+ Ke7 25. g7 Kd7 26. Bh7 Rg8 27. Bxg8 Qxg8
28. Qb5+ Bc6 29. Qxh5 Re8 30. Qg6 Kc8 31. Ne4 Bxe4 32. Qxe4 Kc7 33. Qxf4 e5 34.
dxe5 Qxa2 35. Nd2 dxe5 36. Qc4+ 1-0

[Event "Cto Aragón Equipos Pref Gr II"]
[Site "Aragon"]
[Date "2015.03.14"]
[Round "8.71"]
[White "Planas Torrea, Alberto"]
[Black "Escuer Sanchez, Nestor"]
[Result "0-1"]
[WhiteElo "1928"]
[BlackElo "2057"]
[PlyCount "64"]
[EventDate "2015.01.24"]
[WhiteTeam "Ejea"]
[BlackTeam "La Aurora Estadilla"]

1. e4 e6 2. d4 d5 3. e5 c5 4. c3 Nc6 5. Nf3 Qb6 6. a3 Bd7 7. b4 cxd4 8. cxd4
Rc8 9. Be2 Nh6 10. Bxh6 gxh6 11. Qd3 Bxb4+ 12. axb4 Nxb4 13. Qd1 Nc2+ 14. Kf1
Nxa1 15. g3 Qb3 16. Kg2 Qxd1 17. Rxd1 Nb3 18. Nbd2 Nc1 19. Bf1 Ke7 20. Ng1 Ba4
21. Re1 Rc2 22. Ndf3 Rhc8 23. Nh3 b5 24. Nf4 b4 25. Bd3 b3 26. Bxc2 Rxc2 27.
Nd2 Rxd2 28. Rxc1 b2 29. Rc7+ Kd8 30. Rxf7 b1=Q 31. Nxe6+ Ke8 32. Rxa7 Qe4+ 0-1

[Event "Cto Aragón Equipos Pref Gr II"]
[Site "Aragon"]
[Date "2015.03.14"]
[Round "8.72"]
[White "Pellicer Cemeli, Jose Luis"]
[Black "Marcellan Peire, Jesus Eduardo"]
[Result "1-0"]
[WhiteElo "2034"]
[BlackElo "1912"]
[PlyCount "69"]
[EventDate "2015.01.24"]
[WhiteTeam "La Aurora Estadilla"]
[BlackTeam "Ejea"]

1. d4 Nf6 2. c4 g6 3. Nc3 Bg7 4. e4 d6 5. Be2 O-O 6. Bg5 Nc6 7. Qd2 e5 8. Nf3
exd4 9. Nxd4 Re8 10. Nxc6 bxc6 11. f3 Bb7 12. O-O Qd7 13. Rad1 c5 14. Rfe1 Rab8
15. b3 h5 16. Bf1 Re5 17. Bf4 Nh7 18. Bxe5 Bxe5 19. Ne2 h4 20. f4 Bg7 21. e5
Rd8 22. Nc3 Qg4 23. h3 Qd7 24. Be2 Nf8 25. Bg4 Ne6 26. Nd5 Qe8 27. Bxe6 fxe6
28. Nxc7 Qc6 29. Nxe6 Rd7 30. Nxg7 Kxg7 31. e6 Re7 32. Qc3+ Kg8 33. Rd2 Bc8 34.
Qf6 Qe8 35. Rxd6 1-0

[Event "Cto Aragón Equipos Div Honor Titulo"]
[Site "Aragon"]
[Date "2015.03.21"]
[Round "9.1"]
[White "Forcen Esteban, Daniel"]
[Black "Del Rey, Diego"]
[Result "1-0"]
[WhiteElo "2526"]
[BlackElo "2390"]
[PlyCount "71"]
[EventDate "2015.02.21"]
[WhiteTeam "Jaime Casas"]
[BlackTeam "El Olivar"]

1. e4 c5 2. Nf3 Nc6 3. Nc3 e5 4. Bc4 Be7 5. d3 d6 6. Nd2 Nf6 7. Nf1 Bg4 8. f3
Be6 9. Ne3 a6 10. a4 Nb4 11. Qe2 O-O 12. O-O Ne8 13. a5 Bg5 14. Ncd5 Nxd5 15.
Bxd5 Bxe3+ 16. Bxe3 Qd7 17. c4 f5 18. Rfb1 Bxd5 19. exd5 Nf6 20. b4 cxb4 21.
Rxb4 Rf7 22. Rab1 Qc7 23. Bb6 Qd7 24. Qb2 Re8 25. Bf2 Ree7 26. Rb6 e4 27. Qb4
exd3 28. Rxd6 Qe8 29. Qc3 Re2 30. Qxd3 Rfe7 31. Rdb6 Ra2 32. Rxb7 Nd7 33. R7b2
Ne5 34. Qb3 Rxb2 35. Rxb2 Nc6 36. Qc3 1-0

[Event "Cto Aragón Equipos Div Honor Titulo"]
[Site "Aragon"]
[Date "2015.03.21"]
[Round "9.2"]
[White "Chueca Forcen, Alberto"]
[Black "Antoli Royo, Joaquin Miguel"]
[Result "0-1"]
[WhiteElo "2305"]
[BlackElo "2437"]
[PlyCount "68"]
[EventDate "2015.02.21"]
[WhiteTeam "El Olivar"]
[BlackTeam "Jaime Casas"]

1. d4 Nf6 2. Nf3 d6 3. Bf4 g6 4. e3 Bg7 5. Be2 O-O 6. h3 c5 7. c3 b6 8. O-O
Nbd7 9. Nbd2 Bb7 10. a4 a6 11. Bh2 Rc8 12. Rc1 Rc7 13. b4 Qa8 14. Qb3 Bh6 15.
Rfd1 cxd4 16. cxd4 Rfc8 17. Qb2 Nd5 18. Rxc7 Rxc7 19. Nb1 Qc8 20. Ne1 N7f6 21.
b5 axb5 22. Bxb5 Ne4 23. Rd3 Rc1 24. Kf1 Bxe3 25. fxe3 Qf5+ 26. Bf4 Rxb1 27.
Qxb1 Nd2+ 28. Rxd2 Qxb1 29. Bh6 Qf5+ 30. Nf3 Nc3 31. Be2 g5 32. Bd3 Be4 33. Bc4
Bxf3 34. gxf3 Qxh3+ 0-1

[Event "Cto Aragón Equipos Div Honor Titulo"]
[Site "Aragon"]
[Date "2015.03.21"]
[Round "9.3"]
[White "Garza Marco, Sergio"]
[Black "Hernando Garcia, Antonio"]
[Result "1-0"]
[WhiteElo "2415"]
[BlackElo "2176"]
[PlyCount "85"]
[EventDate "2015.02.21"]
[WhiteTeam "Jaime Casas"]
[BlackTeam "El Olivar"]

1. g3 d5 2. Bg2 c6 3. d3 Bf5 4. Nd2 h6 5. e4 dxe4 6. dxe4 Bh7 7. Ngf3 e6 8. O-O
Nf6 9. Qe2 Be7 10. e5 Nd5 11. Ne4 Bxe4 12. Qxe4 Nd7 13. c4 N5b6 14. Rd1 Qc7 15.
h4 O-O-O 16. Be3 Nc5 17. Qc2 Rxd1+ 18. Rxd1 Rd8 19. Bd4 Kb8 20. b3 Na6 21. Re1
g6 22. Qc1 Bf8 23. Re2 Rd7 24. Be3 Qd8 25. Rd2 Rxd2 26. Bxd2 h5 27. Ng5 Bh6 28.
Be3 Bxg5 29. Bxg5 Qd4 30. Be3 Qd8 31. Qa3 Nc8 32. Be4 Qe7 33. Qxe7 Nxe7 34. f3
Nf5 35. Bf2 Nc7 36. g4 Ng7 37. Kg2 Nce8 38. Kg3 Kc7 39. Bxa7 b6 40. c5 b5 41.
Bb6+ Kd7 42. a4 Nc7 43. Bxc7 1-0

[Event "Cto Aragón Equipos Div Honor Titulo"]
[Site "Aragon"]
[Date "2015.03.21"]
[Round "9.4"]
[White "Burillo Rodriguez, Carlos"]
[Black "Ramiro Ovejero, Juan Luis"]
[Result "0-1"]
[WhiteElo "2034"]
[BlackElo "2350"]
[PlyCount "38"]
[EventDate "2015.02.21"]
[WhiteTeam "El Olivar"]
[BlackTeam "Jaime Casas"]

1. d4 d5 2. Nf3 Nf6 3. g3 Bg4 4. Ne5 Bf5 5. c4 c6 6. Bg2 Nbd7 7. cxd5 cxd5 8.
Qb3 e6 9. Qxb7 Nxe5 10. dxe5 Nd7 11. e4 dxe4 12. O-O Rb8 13. Qxa7 Bc5 14. Qa4
Rb4 15. Qc6 O-O 16. Nc3 Rb6 17. Qa4 Rb4 18. Qc6 Qe7 19. Nxe4 Bxe4 0-1

[Event "Cto Aragón Equipos Div Honor Titulo"]
[Site "Aragon"]
[Date "2015.03.21"]
[Round "9.5"]
[White "Lana Rodriguez, David"]
[Black "Adla, Diego"]
[Result "1/2-1/2"]
[WhiteElo "2254"]
[BlackElo "2469"]
[PlyCount "20"]
[EventDate "2015.02.21"]
[WhiteTeam "Agrupacion"]
[BlackTeam "St. Casablanca"]

1. e4 c6 2. d4 d5 3. Nc3 dxe4 4. Nxe4 Nd7 5. Nf3 Ngf6 6. Nxf6+ Nxf6 7. h3 Bf5
8. Bd3 Bxd3 9. Qxd3 e6 10. O-O Be7 1/2-1/2

[Event "Cto Aragón Equipos Div Honor Titulo"]
[Site "Aragon"]
[Date "2015.03.21"]
[Round "9.6"]
[White "Glavina, Pablo"]
[Black "Ramon Perez, Jose Luis"]
[Result "1/2-1/2"]
[WhiteElo "2418"]
[BlackElo "2237"]
[PlyCount "62"]
[EventDate "2015.02.21"]
[WhiteTeam "St. Casablanca"]
[BlackTeam "Agrupacion"]

1. e4 e6 2. d4 d5 3. Nd2 Nf6 4. e5 Nfd7 5. f4 c5 6. Ngf3 Nc6 7. Nb3 c4 8. Nbd2
f5 9. Be2 Be7 10. Nf1 Nf8 11. Ne3 Bd7 12. O-O Ng6 13. g3 b5 14. Bd2 Qb6 15. Be1
O-O 16. Bf2 a5 17. b3 Bb4 18. a4 cxb3 19. axb5 bxc2 20. Nxc2 Na7 21. Nxb4 axb4
22. Qb3 Nxb5 23. Qxb4 Rxa1 24. Rxa1 Qc6 25. Be1 h6 26. Rb1 Rb8 27. Nd2 Rb7 28.
Kf1 Be8 29. h4 Ne7 30. Bxb5 Qxb5+ 31. Qxb5 Rxb5 1/2-1/2

[Event "Cto Aragón Equipos Div Honor Titulo"]
[Site "Aragon"]
[Date "2015.03.21"]
[Round "9.7"]
[White "Remiro Juste, Fernando Jose"]
[Black "Quintin Navarro, Alberto"]
[Result "0-1"]
[WhiteElo "2232"]
[BlackElo "2331"]
[PlyCount "72"]
[EventDate "2015.02.21"]
[WhiteTeam "Agrupacion"]
[BlackTeam "St. Casablanca"]

1. e4 c5 2. Nf3 d6 3. d4 cxd4 4. Nxd4 Nf6 5. Nc3 Nc6 6. f3 Qb6 7. Nb3 e6 8. Bf4
Ne5 9. Qd2 a6 10. O-O-O Be7 11. Kb1 Bd7 12. Be3 Qc7 13. f4 Nc6 14. Be2 b5 15.
Bf3 b4 16. Ne2 O-O 17. g4 Rfc8 18. g5 Ne8 19. h4 a5 20. h5 a4 21. Nbc1 b3 22.
cxb3 Na5 23. g6 axb3 24. axb3 Qb7 25. gxf7+ Kxf7 26. Nd4 e5 27. fxe5 dxe5 28.
Rhf1 Nf6 29. Nc2 Nxb3 30. Qxd7 Nxd7 31. Rxd7 Qc6 32. Na3 Rxa3 33. Bd1+ Ke8 34.
Rxe7+ Kxe7 35. Bg5+ Ke8 36. bxa3 Nxc1 0-1

[Event "Cto Aragón Equipos Div Honor Titulo"]
[Site "Aragon"]
[Date "2015.03.21"]
[Round "9.8"]
[White "Lopez Gracia, Fernando"]
[Black "Mimbela Lopez, Miguel A"]
[Result "1-0"]
[WhiteElo "2327"]
[BlackElo "2148"]
[PlyCount "43"]
[EventDate "2015.02.21"]
[WhiteTeam "St. Casablanca"]
[BlackTeam "Agrupacion"]

1. e4 e6 2. d4 d5 3. Nd2 c5 4. exd5 Qxd5 5. dxc5 Bxc5 6. Ngf3 Nf6 7. Bc4 Qc6 8.
O-O Nbd7 9. Qe2 a6 10. a4 b6 11. Nb3 Bb7 12. Nxc5 Nxc5 13. b3 Nce4 14. Ne5 Qc5
15. Nd3 Qf5 16. f3 Nc3 17. Qe1 Ncd5 18. Ba3 h5 19. Ne5 Qf4 20. Bxd5 Nxd5 21.
Nc4 Rc8 22. Nd6+ 1-0

[Event "Cto Aragón Equipos Div Honor Titulo"]
[Site "Aragon"]
[Date "2015.03.21"]
[Round "9.9"]
[White "Villuendas Valero, Adrian"]
[Black "Cerrajeria Ruiz, Jesus Maria"]
[Result "1-0"]
[WhiteElo "2288"]
[BlackElo "2163"]
[PlyCount "53"]
[EventDate "2015.02.21"]
[WhiteTeam "St. Casablanca B"]
[BlackTeam "Helios"]

1. d4 Nf6 2. Bg5 g6 3. Bxf6 exf6 4. c4 d6 5. Nc3 Nd7 6. g3 h5 7. Bg2 f5 8. e3
Bh6 9. Nge2 c6 10. b4 O-O 11. O-O a6 12. a4 Nf6 13. Qd3 h4 14. d5 c5 15. bxc5
hxg3 16. hxg3 Ng4 17. cxd6 Re8 18. Nf4 g5 19. Nfe2 f4 20. exf4 gxf4 21. Nxf4
Bxf4 22. gxf4 Re3 23. fxe3 Qh4 24. Rf3 Nh2 25. e4 Nxf3+ 26. Qxf3 Bg4 27. Qf2
1-0